Statystyki dla Skład reprezentacji Holandii!

Kliknij tutaj aby rozwiązać quiz!

Ogólne statystyki

  • Ten quiz został rozwiązany 36 razy
  • Średni wynik to 7 z 21

Statystyki odpowiedzi

PozycjaZawodnik% Poprawnych
NapastnikDepay
97%
NapastnikDe Jong
84%
PomocnikDe Jong
84%
PomocnikWijnaldum
58%
ObrońcaDumfries
48%
BramkarzKrul
48%
ObrońcaBlind
39%
ObrońcaDe Vrij
39%
NapastnikMalen
35%
PomocnikPromes
35%
PomocnikKlaassen
32%
PomocnikVan de beek
23%
NapastnikBerghuis
16%
PomocnikGravenberch
16%
ObrońcaWijndal
16%
ObrońcaVan Aanholt
13%
ObrońcaHateboer
10%
NapastnikStengs
10%
ObrońcaVeltman
10%
BramkarzBizot
3%
BramkarzDrommel
0%

Rozkład punktacji

Percentyl według liczby udzielonych odpowiedzi

Procent ludzi z każdym wynikiem

Twoja historia wyników

Nie rozwiązałeś tego quizu